000 00427nam a2200157Ia 4500
008 230312s9999||||xx |||||||||||||| ||und||
020 _a81-312-0524-X
082 _a621.3822
_bSTR-D
100 _aStranneby;Dag
245 0 _aDigital Signal Processing and Applications
260 _bElsevier
_aindia
_c2006
300 _a357
546 _aEng.
650 _aEngineering
_vDigital Signal Processing and Applications
942 _cBK
999 _c7826
_d7826